Govt. of
Madhya Pradesh

Historical method in relation to indian history (Record no. 68997)

MARC details
000 -LEADER
fixed length control field 00309nam a22001097a 4500
082 ## - DEWEY DECIMAL CLASSIFICATION NUMBER
Classification number 954/SAS
100 ## - MAIN ENTRY--AUTHOR NAME
Personal name Sastri,k.a.nilkanta and ramanna,h.s.
245 ## - TITLE STATEMENT
Title Historical method in relation to indian history
260 ## - PUBLICATION, DISTRIBUTION, ETC. (IMPRINT)
Place of publication New delhi
Name of publisher Cosmo publication
Year of publication 2019
650 ## - SUBJECT ADDED ENTRY--TOPICAL TERM
Topical Term Indian history
942 ## - ADDED ENTRY ELEMENTS (KOHA)
Koha item type Books
Holdings
Withdrawn status Lost status Damaged status Not for loan Home library Current library Date acquired Cost, normal purchase price Full call number Accession Number Price effective from Koha item type
        MACL MACL 09/04/2026 1600.00 954/SAS CRE040469 09/04/2026 Books